World class readings 3 : A Reading skills test
保存先:
| 第一著者: | |
|---|---|
| フォーマット: | 図書 |
| 言語: | Undetermined |
| 出版事項: |
New York
McGraw- Hill
2004
|
| 主題: | |
| タグ: |
タグ追加
タグなし, このレコードへの初めてのタグを付けませんか!
|
| Thư viện lưu trữ: | Trung tâm Học liệu Trường Đại học Cần Thơ |
|---|
| LEADER | 00624nam a2200229Ia 4500 | ||
|---|---|---|---|
| 001 | CTU_122070 | ||
| 008 | 210402s9999 xx 000 0 und d | ||
| 020 | |c 47800 | ||
| 082 | |a 428.6 | ||
| 082 | |b R724/B.3-CD.3 | ||
| 100 | |a Rogers, Bruce | ||
| 245 | 0 | |a World class readings 3 : | |
| 245 | 2 | |b A Reading skills test | |
| 245 | 0 | |c Bruce Rogers | |
| 260 | |a New York | ||
| 260 | |b McGraw- Hill | ||
| 260 | |c 2004 | ||
| 650 | |a English language,Reading comprehension | ||
| 650 | |x Study and teaching,Study and teaching | ||
| 904 | |i M.Loan | ||
| 915 | |a 400 | ||
| 980 | |a Trung tâm Học liệu Trường Đại học Cần Thơ | ||